Environmental risk analysis for chemicals
Αποθηκεύτηκε σε:
| Άλλοι συγγραφείς: | |
|---|---|
| Μορφή: | Βιβλίο |
| Γλώσσα: | English |
| Δημοσίευση: |
New York :
Van Nostrand Reinhold,
c1982
|
| Σειρά: | Van Nostrand Reinhold environmental engineering series
|
| Θέματα: | |
| Ετικέτες: |
Προσθήκη ετικέτας
Δεν υπάρχουν, Καταχωρήστε ετικέτα πρώτοι!
|
MARC
| LEADER | 00000nam a2200000 i 4500 | ||
|---|---|---|---|
| 001 | 1/65805 | ||
| 008 | 931015s eng d | ||
| 020 | |a 0-442-21650-5 | ||
| 035 | |a ΛΕΣΒΟΣb10001618 |l 10001618 | ||
| 040 | |a GR-MY-UA |b gre |e aacr | ||
| 041 | 0 | |a eng | |
| 082 | 0 | |a 363.730287 | |
| 245 | 1 | 0 | |a Environmental risk analysis for chemicals / |c Edited by Richard A. Conway |
| 260 | |a New York : |b Van Nostrand Reinhold, |c c1982 | ||
| 300 | |a 558 p. | ||
| 490 | 1 | |a Van Nostrand Reinhold environmental engineering series | |
| 500 | |a Includes index | ||
| 650 | 0 | 0 | |a Chemicals |x Environmental aspects. |
| 650 | 0 | 0 | |a Environmental impact analysis. |
| 700 | 1 | |a Conway, Richard A. |4 edt | |
| 830 | 0 | |a Van Nostrand Reinhold environmental engineering series | |
| 852 | |a INST |b LESVOS |e 19931015 |h 363.730287 ENV |p 005100003922 |q 005100003922 |t BK |y 0 | ||
| 909 | |a Λ |b 017072 | ||